Top 10 U.S. States with the Most Cubans - Statistics

General Stats
  • This quiz has been taken 464 times
  • The average score is 7 of 10
Answer Stats
# State % % Correct
1.5 mil Florida 7.3
99%
78 k New York 0.4
97%
86 k Texas 0.3
91%
110 k California 0.3
90%
35 k Georgia 0.3
82%
100 k New Jersey 1.1
66%
23 k Illinois 0.2
54%
26 k North Carolina 0.3
50%
28 k Pennsylvania 0.2
45%
33 k Nevada 1.1
32%
No matching quizzes found
Score Distribution
Percent of People with Each Score
Percentile by Number Answered
Your Score History
You have not taken this quiz